Welcome to CU Library Online Public Access Catalogue (OPAC)

Sentence Skills: (Record no. 9203)

MARC details
000 -LEADER
fixed length control field 00398nam a22001457a 4500
005 - DATE AND TIME OF LATEST TRANSACTION
control field 20260328105833.0
008 - FIXED-LENGTH DATA ELEMENTS--GENERAL INFORMATION
fixed length control field 260328b |||||||| |||| 00| 0 eng d
020 ## - INTERNATIONAL STANDARD BOOK NUMBER
International Standard Book Number 0070363064
050 ## - LIBRARY OF CONGRESS CALL NUMBER
Classification number PE1408
Item number .L3183 LAN
100 ## - MAIN ENTRY--PERSONAL NAME
Personal name Langan John
245 ## - TITLE STATEMENT
Title Sentence Skills:
Remainder of title a workbook for writers/
Statement of responsibility, etc. John Langan
250 ## - EDITION STATEMENT
Edition statement 3rd Ed.
260 ## - PUBLICATION, DISTRIBUTION, ETC.
Place of publication, distribution, etc. Boston
Name of publisher, distributor, etc. McGraw-Hill
Date of publication, distribution, etc. 1987
942 ## - ADDED ENTRY ELEMENTS (KOHA)
Source of classification or shelving scheme Library of Congress Classification
Koha item type Books
Edition 3rd Ed.
Suppress in OPAC No
999 ## -
-- 9203
-- 9203
Holdings
Withdrawn status Lost status Source of classification or shelving scheme Damaged status Not for loan Collection Home library Current library Shelving location Date acquired Total checkouts Full call number Barcode Date last seen Copy number Price effective from Koha item type
    Library of Congress Classification     Non-fiction Business Library (Miotso) Business Library (Miotso) General stacks 03/27/2026   PE1408 .L3183 LAN BSSM00003146 03/28/2026 1 03/27/2026 Books
© 2023-2024 Copyright: Central University Libraries. All Rights Reserved | Created by: Mahone Tech Office